UBT Library

STRATEGIC MARKETING MANAGEMENT (Record no. 34708)

000 -LEADER
fixed length control field 00307nam a22001337a 4500
008 - FIXED-LENGTH DATA ELEMENTS--GENERAL INFORMATION
fixed length control field 171018b xxu||||| |||| 00| 0 eng d
020 ## - INTERNATIONAL STANDARD BOOK NUMBER
International Standard Book Number 9780979003929
041 ## - LANGUAGE CODE
Language code of text/sound track or separate title eng
080 ## - UNIVERSAL DECIMAL CLASSIFICATION NUMBER
Edition identifier 3 ED
Universal Decimal Classification number 338
100 ## - Rafti
Rafti 53
101 ## - Shkurtesa
Shkurtesa MEN
245 ## - TITLE STATEMENT
Title STRATEGIC MARKETING MANAGEMENT
Statement of responsibility, etc CHEMEV.A
942 ## - ADDED ENTRY ELEMENTS (KOHA)
Source of classification or shelving scheme
Item type Books

No items available.

UBT Library © 2015-2024. All rights reserved University Education for Business and Technology